Surveying
| Main Author: | |
|---|---|
| Other Authors: | , |
| Format: | Book |
| Published: |
London :
The estate gazette limited ,
1976
|
| Subjects: |
MARC
| LEADER | 00000cam a2200000 7i4500 | ||
|---|---|---|---|
| 001 | 0000007900 | ||
| 005 | 20161103.0 | ||
| 040 | |a INS | ||
| 090 | 0 | 0 | |a TA545 |b G24 1976 |
| 100 | 0 | |a Garner, J.B | |
| 245 | 0 | 0 | |a Surveying |c J.B.Garner, D.James, R.G. Bird |
| 260 | |a London : |b The estate gazette limited , |c 1976 | ||
| 300 | |a 302p : |b 31 cm | ||
| 650 | 0 | 0 | |a Surveying |
| 700 | 1 | |a Bird, R. G. | |
| 700 | 1 | |a James D. | |
| 999 | |a 0000024078 |b BOOK |c Open Shelf |e Default branch | ||
| 999 | |a 0000024079 |b BOOK |c Open Shelf |e Default branch | ||